[Event "68th HUN-ch Men 2018"]
[Site "Budapest"]
[Date "2018.12.08"]
[Round "3.2"]
[White "Gledura, Benjamin"]
[Black "Berkes, Ferenc"]
[Result "1/2-1/2"]
[WhiteElo "2621"]
[BlackElo "2662"]
[Annotator "TA"]
[PlyCount "75"]
[EventDate "2018.??.??"]
[EventCountry "HUN"]
[SourceTitle "playchess.com"]
[Source "ChessBase"]
[SourceQuality "1"]

{[%evp 12,75,13,2,0,4,4,-44,-32,-61,-32,-46,-27,-37,-31,-115,-101,-115,-102,-113,-46,-101,-73,-119,-97,-98,-108,-108,-104,-106,-50,-17,0,0,6,-39,-26,-25,-22,-10,0,0,0,0,0,-25,-39,-31,-31,-31,-29,-30,-26,-28,-25,-11,0,-9,-9,-9,-9,-8,-20,-14,-12,-90]} 1. Nf3 Nf6 2. c4 e6 3. Nc3 d5 4. e3 Be7 5. b3 O-O 6. Bb2 dxc4 {A13: English Opening: 1...e6} 7. bxc4 {LiveBook: 10 Games} b6 8. Qc2 $146 ({Predecessor:} 8. g3 Bb7 9. Bg2 c5 10. O-O Ne8 11. Qe2 Nd6 12. d4 Nc6 13. dxc5 bxc5 14. Rfd1 Na5 15. Nd2 Bxg2 16. Kxg2 Qb6 17. Rab1 Qc6+ 18. Kg1 {½-½ (52) Khismatullin,D (2627)-Inarkiev,E (2684) Yaroslavl 2018}) 8... Bb7 9. h4 Nbd7 10. Ng5 Re8 11. d4 c5 12. O-O-O cxd4 13. Rxd4 (13. exd4 $15 Qc7 14. Kb1) 13... Bc5 14. Rd1 Qe7 15. Bd3 {[%cal Rd3h7]} Nf8 ({And not} 15... Bxg2 16. Rhg1 $14 (16. Bxh7+ Kf8 $16)) (15... h6 $17 16. Bh7+ Kh8) 16. Kb1 (16. Nce4 $15) 16... Rad8 ({But not} 16... Bxg2 $6 17. Rhg1 $11) 17. Na4 Ba3 18. Bxf6 gxf6 19. Bxh7+ Kg7 20. Be4 b5 (20... fxg5 $17 21. Qc3+ e5 22. Bxb7 Rxd1+ 23. Rxd1 Bb4) 21. cxb5 $15 Qb4+ 22. Ka1 Qxb5 23. Rb1 Qe5+ $1 24. Qc3 Qxc3+ 25. Nxc3 Ba6 26. Nf3 Rc8 27. Rb3 Be7 28. Rd1 Bc4 29. Rb7 f5 30. Bd3 Bf6 {[#] Threatens to win with ...Bd5.} 31. Nd4 Bxd3 32. Rxd3 Ng6 {White must now prevent ...Ne5.} 33. Ncb5 {And now Nd6 would win.} Re7 {The position is equal.} 34. Rxe7 Nxe7 35. Kb1 a6 36. Nd6 Rd8 37. Nc4 Nc6 38. f3 {Accuracy: White = 26%, Black = 56%.} (38. g3 $11) 1/2-1/2

[Event "68th HUN-ch Men 2018"]
[Site "Budapest"]
[Date "2018.12.08"]
[Round "3.2"]
[White "Aczel, Gergely"]
[Black "Banusz, Tamas"]
[Result "1-0"]
[WhiteElo "2549"]
[BlackElo "2612"]
[Annotator "RC"]
[PlyCount "139"]
[EventDate "2018.??.??"]
[EventCountry "HUN"]
[SourceTitle "playchess.com"]
[Source "ChessBase"]
[SourceQuality "1"]
[TimeControl "40/5400+30:1800+30"]

1. d4 {[%emt 0:00:03]} d5 {[%emt 0:11:01]} 2. c4 {[%emt 0:00:11]} c6 {[%emt 0:00:05]} 3. cxd5 {[%emt 0:00:05]} cxd5 {[%emt 0:00:05]} 4. Bf4 {[%emt 0:00:04]} Nf6 {[%emt 0:00:11]} 5. Nc3 {[%emt 0:00:06]} Nc6 {[%emt 0:00:06]} 6. e3 {[%emt 0:00:04]} Bf5 {[%emt 0:00:06]} 7. Qb3 {[%emt 0:00:16]} Na5 {[%emt 0:00:08]} 8. Qa4+ {[%emt 0:00:05]} Bd7 {[%emt 0:00:08]} 9. Qc2 {[%emt 0:00:05]} e6 {[%emt 0:00:10]} 10. Nf3 {[%emt 0:00:05]} Be7 {[%emt 0:00:31]} 11. Bd3 {[%emt 0:00:08]} Nc6 {[%emt 0:00:19]} 12. a3 {[%emt 0:00:07]} Nh5 {[%emt 0:00:10]} 13. Be5 {[%emt 0:00:04]} f6 {[%emt 0:00:11]} 14. Bg3 {[%emt 0:00:02]} f5 {[%emt 0:00:18]} 15. Ne5 {[%emt 0:00:03]} O-O {[%emt 0:00:28]} 16. Nxc6 {[%emt 0:00:14]} Bxc6 {[%emt 0:00:04]} 17. Qe2 {[%emt 0:00:12]} Nf6 {[%emt 0:04:07]} 18. f3 {[%emt 0:00:18]} Bd6 {[%emt 0:02:52]} 19. Bxd6 {[%emt 0:00:02]} Qxd6 {[%emt 0:00:06]} 20. O-O {[%emt 0:00:08]} g6 {[%emt 0:06:43]} 21. Qd2 {[%emt 0:03:43]} Rfe8 {[%emt 0:02:24]} 22. Rac1 {[%emt 0:08:29]} a6 {[%emt 0:05:37]} 23. Rfe1 {[%emt 0:12:09]} Rac8 {[%emt 0:05:13]} 24. Ne2 {[%emt 0:01:03]} Bd7 {[%emt 0:01:31]} 25. Nf4 {[%emt 0:16:44]} Rxc1 {[%emt 0:00:30]} 26. Rxc1 {[%emt 0:00:30]} Kf7 {[%emt 0:00:30]} 27. h3 {[%emt 0:00:30]} g5 {[%emt 0:00:30]} 28. Ne2 {[%emt 0:00:30]} h6 {[%emt 0:00:30]} 29. Bb1 {[%emt 0:25:59]} Bb5 {[%emt 0:21:54]} 30. Nc3 {[%emt 0:00:13]} Bc6 {[%emt 0:01:53]} 31. Re1 {[%emt 0:01:00]} Rd8 {[%emt 0:04:11]} 32. Na2 {[%emt 0:05:14]} Bb5 {[%emt 0:03:17]} 33. Rc1 {[%emt 0:00:23]} h5 {[%emt 0:05:33]} 34. Qc2 {[%emt 0:07:41]} Rd7 {[%emt 0:05:18]} 35. Nc3 {[%emt 0:05:24]} g4 {[%emt 0:04:23]} 36. f4 {[%emt 0:05:41]} Bc6 {[%emt 0:02:11]} 37. Qf2 {[%emt 0:00:23]} Rd8 {[%emt 0:02:01]} 38. Bd3 {[%emt 0:00:43]} Rg8 {[%emt 0:01:12]} 39. Qh4 {[%emt 0:00:45]} Qf8 {[%emt 0:04:01]} 40. Rc2 {[%emt 0:00:00]} Qg7 {[%emt 0:00:00]} 41. Kf1 {[%emt 0:03:39]} Ke7 {[%emt 0:09:58]} 42. Ke1 {[%emt 0:02:56]} Kd7 {[%emt 0:02:35]} 43. b4 {[%emt 0:00:50]} Qe7 {[%emt 0:02:21]} 44. Kd1 {[%emt 0:03:33]} Rg6 {[%emt 0:02:01]} 45. Kc1 {[%emt 0:00:54]} gxh3 {[%emt 0:01:32]} 46. Qxh3 {[%emt 0:01:28]} Qg7 {[%emt 0:01:01]} 47. Re2 {[%emt 0:11:29]} Rg3 {[%emt 0:00:48]} 48. Qh4 {[%emt 0:00:14]} Ke7 {[%emt 0:01:08]} 49. Qh1 {[%emt 0:03:04]} Qg4 {[%emt 0:02:11]} 50. Kd2 {[%emt 0:00:13]} h4 {[%emt 0:04:31]} 51. a4 {[%emt 0:01:33]} Kf7 {[%emt 0:03:58]} 52. b5 {[%emt 0:01:25]} axb5 {[%emt 0:00:01]} 53. axb5 {[%emt 0:00:05]} Bd7 {[%emt 0:00:07]} 54. Na4 {[%emt 0:04:41]} Nh5 {[%emt 0:03:24]} 55. Nc5 {[%emt 0:01:25]} Bc8 {[%emt 0:00:23]} 56. b6 {[%emt 0:04:05]} Kf6 {[%emt 0:02:18]} 57. Rf2 {[%emt 0:00:32]} h3 {[%emt 0:00:44]} 58. gxh3 {[%emt 0:00:09]} Rxh3 {[%emt 0:01:57]} 59. Qa1 {[%emt 0:02:56]} Qg8 {[%emt 0:04:06]} 60. Re2 {[%emt 0:01:00]} Qd8 {[%emt 0:01:16]} 61. Qa7 {[%emt 0:00:36]} Rh1 {[%emt 0:01:42]} 62. Rg2 {[%emt 0:01:21]} Qd6 {[%emt 0:01:17]} 63. Kc2 {[%emt 0:02:22]} Ng7 {[%emt 0:00:41]} 64. Qa3 {[%emt 0:00:30]} Ne8 {[%emt 0:00:34]} 65. Bb5 {[%emt 0:00:42]} Qe7 {[%emt 0:00:10]} 66. Bxe8 {[%emt 0:00:32]} Qxe8 {[%emt 0:00:01]} 67. Kd2 {[%emt 0:00:49]} Rb1 {[%emt 0:01:33]} 68. Nd3 {[%emt 0:00:51]} Rxb6 {[%emt 0:00:07]} 69. Ne5 {[%emt 0:00:10]} Rc6 {[%emt 0:00:44]} 70. Rg6+ {[%emt 0:00:32]} 1-0

[Event "68th HUN-ch Men 2018"]
[Site "Budapest"]
[Date "2018.12.10"]
[Round "4.1"]
[White "Berkes, Ferenc"]
[Black "Aczel, Gergely"]
[Result "1-0"]
[WhiteElo "2662"]
[BlackElo "2549"]
[Annotator "TA"]
[PlyCount "55"]
[EventDate "2018.??.??"]
[EventCountry "HUN"]
[SourceTitle "playchess.com"]
[Source "ChessBase"]
[SourceQuality "1"]

{[%evp 10,55,5,-8,27,27,27,27,27,13,27,27,30,20,29,22,23,20,25,28,30,33,28,25,52,46,78,88,87,97,299,308,305,300,293,294,299,288,430,427,581,579,614,588,643,624,959,942]} 1. d4 Nf6 2. c4 e6 3. g3 d5 4. Bg2 dxc4 5. Qa4+ Nbd7 6. Qxc4 {LiveBook: 70 Games} e5 {E03: Open Catalan: 5 Qa4+ Nbd7 6 Qxc4} (6... a6 7. Be3 Bd6 8. Qc2 O-O 9. Nh3 e5 10. O-O h6 11. dxe5 Nxe5 12. Nc3 Qe7 13. Rad1 Re8 14. Nf4 c6 {1-0 (26) Caruana,F (2827)-Anand,V (2771) Batumi 2018}) 7. Nf3 exd4 8. Nxd4 Nb6 {White has an edge.} 9. Qd3 Bc5 10. Qb5+ Nfd7 $1 11. Nb3 Bd6 12. O-O c6 $146 ({Predecessor:} 12... O-O 13. Rd1 Ne5 14. Bf4 Qe7 15. N1d2 c6 {½-½ (15) Krouzel,J (2360)-Straka,Z (2395) ICCF email 2004}) 13. Qd3 Ne5 14. Qc2 O-O 15. Nc3 Qe7 16. Rd1 f5 17. Bf4 Nec4 18. e3 Be6 19. Nd4 Rad8 $2 {[#]} (19... Bd7 $16 {keeps fighting.}) 20. Bg5 $1 $18 {[%cal Rg5e7][%mdl 576] Deflection} Qxg5 21. Nxe6 Qf6 (21... Nxe3 $2 22. Qb3 $18 (22. Nxg5 Nxc2 23. Rac1 Be7 $17)) 22. Nxd8 ({Resist} 22. Nxf8 Rxf8 23. Nd5 Qe6 $18) 22... Rxd8 23. a4 {[%cal Ba2a4,Ba4a5][%mdl 32]} Na5 (23... a5 {might work better.} 24. Nd5 Qxb2 25. Qxb2 (25. Qxf5 cxd5 26. Bxd5+ Kh8 $16) 25... Nxb2) 24. Rd4 {White is clearly winning.} Re8 25. b4 Nac4 26. a5 Nxe3 27. fxe3 Rxe3 28. Qd2 {Accuracy: White = 100%, Black = 39%.} 1-0

[Event "68th HUN-ch Men 2018"]
[Site "Budapest"]
[Date "2018.12.10"]
[Round "4.1"]
[White "Banusz, Tamas"]
[Black "Gledura, Benjamin"]
[Result "1/2-1/2"]
[WhiteElo "2612"]
[BlackElo "2621"]
[Annotator "TA"]
[PlyCount "66"]
[EventDate "2018.??.??"]
[EventCountry "HUN"]
[SourceTitle "playchess.com"]
[Source "ChessBase"]
[SourceQuality "1"]

{[%evp 27,66,22,19,24,38,5,8,7,12,0,0,0,0,0,0,0,0,0,0,0,0,0,0,0,0,0,0,0,0,0,0,0,0,0,0,0,0,0,0,0,0]} 1. d4 Nf6 2. c4 g6 3. Nc3 d5 4. Nf3 Bg7 5. cxd5 Nxd5 6. e4 Nxc3 7. bxc3 c5 8. h3 O-O 9. Be2 {[%cal Bf1e2,Be2c4,Bc4d5][%mdl 32]} Nc6 10. Be3 cxd4 {D85: Exchange Grünfeld: Unusual White 7th moves and lines with 7 Nf3} 11. cxd4 f5 12. Bc4+ Kh8 13. O-O fxe4 14. Ng5 e5 {LiveBook: 3 Games} 15. dxe5 Nxe5 16. Bd5 h6 {The position is equal.} 17. Nxe4 {Black should prevent Rc1.} Bxh3 $1 18. gxh3 {Strongly threatening f4.} Nf3+ {[%mdl 64] [#] Discovered Attack} 19. Kg2 $146 ({Don't play} 19. Kh1 Qd7 $17) 19... Nh4+ $1 20. Kh2 {Black must now prevent f4.} Nf3+ 21. Kg2 $1 {Threatens to win with Rb1.} ({Of course not} 21. Kh1 Qd7 $17) 21... Nh4+ $1 22. Kh1 Qd7 23. Qg4 Qxd5 24. Rad1 Qh5 25. Qxh5 gxh5 26. Ng3 Rad8 27. Bxa7 Rxd1 28. Rxd1 Ra8 29. Bb6 Rxa2 30. Rd8+ Kh7 31. Rd7 Ra1+ 32. Kh2 Nf3+ 33. Kg2 Nh4+ {Accuracy: White = 79%, Black = 98%.} 1/2-1/2

[Event "68th HUN-ch Men 2018"]
[Site "Budapest"]
[Date "2018.12.10"]
[Round "4.2"]
[White "Berkes, Ferenc"]
[Black "Aczel, Gergely"]
[Result "1-0"]
[WhiteElo "2662"]
[BlackElo "2549"]
[Annotator "TA"]
[PlyCount "55"]
[EventDate "2018.??.??"]
[EventCountry "HUN"]
[SourceTitle "playchess.com"]
[Source "ChessBase"]
[SourceQuality "1"]

{[%evp 10,55,1,1,20,21,16,21,25,19,33,28,27,16,38,35,35,37,30,9,35,18,35,22,59,31,59,39,81,99,308,300,289,299,298,299,286,288,362,355,593,592,585,564,634,620,1022,991]} 1. d4 Nf6 2. c4 e6 3. g3 d5 4. Bg2 dxc4 5. Qa4+ Nbd7 6. Qxc4 {LiveBook: 70 Games} e5 {E03: Open Catalan: 5 Qa4+ Nbd7 6 Qxc4} (6... a6 7. Be3 Bd6 8. Qc2 O-O 9. Nh3 e5 10. O-O h6 11. dxe5 Nxe5 12. Nc3 Qe7 13. Rad1 Re8 14. Nf4 c6 {1-0 (26) Caruana,F (2827)-Anand,V (2771) Batumi 2018}) 7. Nf3 exd4 8. Nxd4 Nb6 {The position is equal.} 9. Qd3 Bc5 10. Qb5+ Nfd7 {[%cal Bf6d7,Bd7e5,Be5c4][%mdl 32] ...a6 is the strong threat.} 11. Nb3 Bd6 12. O-O c6 $146 ({Predecessor:} 12... O-O 13. Rd1 Ne5 14. Bf4 Qe7 15. N1d2 c6 {½-½ (15) Krouzel,J (2360)-Straka,Z (2395) ICCF email 2004}) 13. Qd3 Ne5 14. Qc2 O-O 15. Nc3 Qe7 16. Rd1 f5 17. Bf4 Nec4 18. e3 Be6 19. Nd4 Rad8 $2 {[#]} (19... Bd7 $16 {keeps fighting.}) 20. Bg5 $1 $18 {[%cal Rg5e7][%mdl 576] Skewer, Deflection} Qxg5 21. Nxe6 Qf6 ({Don't blunder} 21... Nxe3 $2 22. Qb3 $18 (22. Nxg5 Nxc2 23. Rac1 Be7 $17)) 22. Nxd8 ({Don't do} 22. Nxf8 Rxf8 23. Nd5 Qe6 $18) 22... Rxd8 23. a4 {[%cal Ba2a4,Ba4a5][%mdl 32]} Na5 24. Rd4 Re8 $2 (24... c5 {might work better.}) 25. b4 {White is clearly winning.} Nac4 26. a5 Nxe3 27. fxe3 Rxe3 28. Qd2 {Accuracy: White = 86%, Black = 35%.} 1-0

[Event "68th HUN-ch Men 2018"]
[Site "Budapest"]
[Date "2018.12.11"]
[Round "4.2"]
[White "Gledura, Benjamin"]
[Black "Banusz, Tamas"]
[Result "1/2-1/2"]
[WhiteElo "2621"]
[BlackElo "2612"]
[Annotator "TA"]
[PlyCount "75"]
[EventDate "2018.??.??"]
[EventCountry "HUN"]
[SourceTitle "playchess.com"]
[Source "ChessBase"]
[SourceQuality "1"]

{[%evp 22,75,26,19,20,16,23,33,30,36,30,33,33,31,23,40,37,38,37,17,29,29,38,30,20,8,8,8,9,0,0,0,0,0,0,0,0,0,0,0,0,0,0,0,0,0,0,0,0,0,0,0,0,0,0,0]} 1. d4 d5 2. c4 c6 3. Nc3 Nf6 4. e3 e6 5. Nf3 a6 6. Bd3 dxc4 7. Bxc4 b5 8. Be2 c5 9. O-O Bb7 10. dxc5 {D27: Queen's Gambit Accepted: Classical main line: 7 e4!? and 7 a4} Nc6 11. Qc2 Nb4 12. Qb3 {LiveBook: 4 Games. White has an edge.} Nc6 $146 ({Predecessor:} 12... Bxc5 13. Rd1 Qb8 14. a4 bxa4 15. Qxa4+ Bc6 16. Qa5 Be7 17. Ra3 Nc2 {1-0 (46) Wei,Y (2743)-Navara,D (2740) Yancheng 2018}) 13. Rd1 Qb8 14. Bd2 Bxc5 15. Rac1 Na5 16. Qc2 {[#] And now b4! would win.} Be7 17. Na4 Be4 18. Qc3 Nc4 $1 19. Bxc4 {Hoping for Bb3.} O-O 20. Bb3 {Black should prevent Nc5.} bxa4 21. Bxa4 Nd5 22. Qb3 Bxf3 23. Qxb8 {The position is equal.} Raxb8 24. gxf3 Rxb2 25. Bb3 Bb4 26. Bxb4 Nxb4 27. Rb1 Rxb1 28. Rxb1 $11 {[%mdl 4096] Endgame KRB-KRN} Rb8 29. Rc1 Kf8 30. f4 g6 31. Rc7 Rb6 32. a3 Nd5 33. Bxd5 exd5 34. Ra7 Rd6 35. Kf1 d4 36. Ke2 dxe3 37. fxe3 Rd5 38. Rxa6 {Accuracy: White = 85%, Black = 96%.} 1/2-1/2

[Event "68th HUN-ch Men 2018"]
[Site "Budapest"]
[Date "2018.12.11"]
[Round "4.2"]
[White "Aczel, Gergely"]
[Black "Berkes, Ferenc"]
[Result "0-1"]
[WhiteElo "2549"]
[BlackElo "2662"]
[Annotator "TA"]
[PlyCount "78"]
[EventDate "2018.??.??"]
[EventCountry "HUN"]
[SourceTitle "playchess.com"]
[Source "ChessBase"]
[SourceQuality "1"]

{[%evp 17,78,29,29,26,35,0,0,0,7,-16,-8,-52,-24,-33,-16,-27,-15,-21,0,0,0,0,0,0,0,0,0,-6,-3,-16,-6,-20,0,-16,-8,-17,-16,-15,-11,-7,-7,-11,0,-70,-86,-246,-243,-253,-252,-298,-287,-295,-281,-655,-662,-1183,-1156,-1510,-1504,-1466,-1477,-29983,-29984]} 1. d4 d6 2. e4 Nf6 3. f3 e5 4. dxe5 dxe5 5. Qxd8+ Kxd8 6. Bc4 Ke8 7. a4 {B07: Pirc Defence: Miscellaneous Systems} a5 8. Ne2 Nbd7 9. Nbc3 c6 {LiveBook: 4 Games} 10. Ng3 $146 ({Predecessor:} 10. Be3 Bc5 11. Nd1 Bxe3 12. Nxe3 Nc5 13. Nc1 Nfd7 14. Nd3 Nxd3+ 15. Bxd3 Nb6 16. Nc4 Nxc4 17. Bxc4 Ke7 {½-½ (17) Stevic,H (2621)-Markus,R (2635) Sibenik 2011}) 10... Nb6 11. Bb3 Nfd7 {[%cal Bf6d7,Bd7c5,Bc5b3][%mdl 32]} 12. Be3 Bc5 13. Nf1 (13. Bd2 {looks sharper.} Nf8 14. O-O-O Be6 15. Nf5 g6 16. Ng7+) 13... Ke7 14. Nb1 {[%cal Bc3b1,Bb1d2,Bd2c4][%mdl 32]} Bxe3 15. Nxe3 Nc5 16. Nd2 Rd8 17. Ndc4 Nxb3 18. Nxb6 Nxa1 19. Nxa8 Be6 20. Nb6 Nxc2+ 21. Nxc2 {[#] Black must now prevent Ke2.} Kd6 $1 {[%cal Rd6c7]} 22. b4 axb4 23. Ke2 {Rd1+ is the strong threat.} Kc5 24. a5 b3 25. Ne3 Kb4 26. Rb1 f6 {[%cal Bf7f6,Bf6f5][%mdl 32]} 27. Ra1 $1 Rd4 28. Nd1 f5 29. Ra4+ Kb5 $1 30. Rxd4 (30. Nc3+ $1 $11 Kc5 31. h3) 30... exd4 $15 31. Kd3 $2 (31. e5 $17 {was the only chance.}) 31... Kxa5 $19 32. Na8 fxe4+ 33. fxe4 {[#]} c5 $1 34. Nc7 Bf7 35. Nb2 $2 (35. Nd5 Ka4 36. Nb6+ Ka3 37. h3) 35... Kb4 36. e5 Bg6+ 37. Ke2 Kc3 38. Na4+ Kc2 39. Nb5 Bd3+ {[%mdl 64] Double Attack. Accuracy: White = 26%, Black = 84%.} 0-1

[Event "68th HUN-ch Men 2018"]
[Site "Budapest"]
[Date "2018.12.12"]
[Round "4.3"]
[White "Berkes, Ferenc"]
[Black "Aczel, Gergely"]
[Result "1/2-1/2"]
[WhiteElo "2662"]
[BlackElo "2549"]
[Annotator "TA"]
[PlyCount "18"]
[EventDate "2018.??.??"]
[EventCountry "HUN"]
[SourceTitle "playchess.com"]
[Source "ChessBase"]
[SourceQuality "1"]

{[%evp 10,18,8,7,11,0,0,0,0,0,0]} 1. d4 Nf6 2. c4 e6 3. g3 d5 4. Bg2 dxc4 5. Qa4+ Nbd7 6. Qxc4 {LiveBook: 70 Games. The position is equal.} Rb8 {E03: Open Catalan: 5 Qa4+ Nbd7 6 Qxc4} (6... a6 7. Be3 Bd6 8. Qc2 O-O 9. Nh3 e5 10. O-O h6 11. dxe5 Nxe5 12. Nc3 Qe7 13. Rad1 Re8 14. Nf4 c6 {1-0 (26) Caruana,F (2827)-Anand,V (2771) Batumi 2018}) 7. Qd3 $146 ({Predecessor:} 7. Nc3 a6 8. Bf4 Bd6 9. Bxd6 cxd6 10. Qb4 Qb6 11. Qxb6 Nxb6 12. e4 Bd7 13. b3 Bc6 14. Nge2 {½-½ (35) Goriatchkin,J (2322)-Orekhov,N (2139) Khanty-Mansiysk 2013}) 7... b5 8. Nf3 Bb7 9. O-O c5 1/2-1/2

[Event "68th HUN-ch Men 2018"]
[Site "Budapest"]
[Date "2018.12.12"]
[Round "4.3"]
[White "Banusz, Tamas"]
[Black "Gledura, Benjamin"]
[Result "1/2-1/2"]
[WhiteElo "2612"]
[BlackElo "2621"]
[Annotator "TA"]
[PlyCount "40"]
[EventDate "2018.??.??"]
[EventCountry "HUN"]
[SourceTitle "playchess.com"]
[Source "ChessBase"]
[SourceQuality "1"]

{[%evp 16,40,31,10,10,10,10,12,12,13,13,17,31,13,9,10,16,5,19,6,4,9,0,2,0,1,1]} 1. d4 Nf6 2. Nf3 g6 3. g3 Bg7 4. Bg2 d5 5. c4 O-O 6. O-O dxc4 7. Na3 c5 8. Nxc4 Be6 {D77: Fianchetto Grünfeld: 6 0-0: Replies other than 6...c6} 9. Nfe5 {LiveBook: 4 Games} (9. Nce5 cxd4 10. Qxd4 Qxd4 11. Nxd4 Bd5 12. Rd1 Bxg2 13. Kxg2 Rd8 14. Bf4 Nd5 15. Ndf3 Na6 16. Bd2 {½-½ (35) Nakamura,H (2777)-Caruana,F (2822) Saint Louis 2018}) 9... Qc8 10. dxc5 Nfd7 $1 {[%cal Rd7e5]} 11. Nxd7 Nxd7 12. c6 bxc6 13. Na5 Bd5 14. Bxd5 cxd5 {The position is equal.} 15. Qxd5 Nf6 $146 ({Predecessor:} 15... Nb6 16. Qb5 {1-0 (50) Boehm,R-Hoegerl,F GER email 2009}) 16. Qf3 Qe6 17. Rd1 Ne4 18. Nb3 Rfd8 19. Be3 Bxb2 20. Rab1 {[#] And now Rxd8+ would win.} Bf6 1/2-1/2

[Event "68th HUN-ch Men 2018"]
[Site "Budapest"]
[Date "2018.12.13"]
[Round "4.4"]
[White "Gledura, Benjamin"]
[Black "Banusz, Tamas"]
[Result "1/2-1/2"]
[WhiteElo "2621"]
[BlackElo "2612"]
[Annotator "TA"]
[PlyCount "41"]
[EventDate "2018.??.??"]
[EventCountry "HUN"]
[SourceTitle "playchess.com"]
[Source "ChessBase"]
[SourceQuality "1"]

{[%evp 19,20,0,0]} 1. d4 d5 2. c4 c6 3. cxd5 cxd5 4. Nc3 Nf6 5. Nf3 Nc6 6. Bf4 Bf5 7. e3 e6 8. Bb5 Nd7 9. O-O Be7 10. Rc1 Rc8 {LiveBook: 34 Games} {Predecessor:} 11. Na4 $146 g5 12. Bg3 h5 13. Nc5 Nxc5 14. dxc5 h4 15. Bd6 Bxd6 16. cxd6 Qxd6 17. Nxg5 Qe5 18. Qa4 Qxb2 19. Bxc6+ bxc6 20. Rxc6 Rxc6 21. Qxc6+ {0-1 (31) Sokolov,I (2643)-Danin,A (2575) Koge 2013} 1/2-1/2

[Event "68th HUN-ch Men 2018"]
[Site "Budapest"]
[Date "2018.12.13"]
[Round "4.4"]
[White "Aczel, Gergely"]
[Black "Berkes, Ferenc"]
[Result "1/2-1/2"]
[WhiteElo "2549"]
[BlackElo "2662"]
[Annotator "TA"]
[PlyCount "28"]
[EventDate "2018.??.??"]
[EventCountry "HUN"]
[SourceTitle "playchess.com"]
[Source "ChessBase"]
[SourceQuality "1"]

{[%evp 22,28,37,20,20,-2,8,7,15]} 1. d4 Nf6 2. c4 b6 3. Nf3 Bb7 4. g3 e6 5. Bg2 Be7 {[%cal Bf8e7,Be7f6,Bf6g7][%mdl 32]} 6. O-O O-O 7. Nc3 Ne4 8. Bd2 Bf6 9. Qc2 Nxd2 10. Qxd2 d6 11. e4 Nd7 12. Rac1 {LiveBook: 6 Games. E18: Queen's Indian: Old Main Line (4 g3 Bb7 5 Bg2 Be7 6 0-0 0-0 7 Nc3)} (12. Rad1 g6 13. Rfe1 Bg7 14. d5 e5 15. b4 a5 16. a3 Ba6 17. Nb5 Nf6 18. Bh3 Qe7 19. Ra1 axb4 20. Qxb4 Bxb5 21. cxb5 {1-0 (41) Morozevich,A (2722)-Alekseev,E (2678) Loo 2014}) 12... g6 {The position is equal.} 13. a3 $146 ({Predecessor:} 13. Rcd1 Qe7 14. Rfe1 Bg7 15. e5 a6 16. exd6 Qxd6 17. d5 Bxc3 18. Qxc3 exd5 19. cxd5 Rfe8 20. Rxe8+ Rxe8 {½-½ (43) Lalic,B (2475)-Adams,M (2555) Cannes 1990}) 13... Bg7 14. b4 a5 1/2-1/2

[Event "68th HUN-ch Men 2018"]
[Site "Budapest"]
[Date "2018.12.13"]
[Round "4.5"]
[White "Gledura, Benjamin"]
[Black "Banusz, Tamas"]
[Result "0-1"]
[WhiteElo "2621"]
[BlackElo "2612"]
[Annotator "TA"]
[PlyCount "78"]
[EventDate "2018.??.??"]
[EventCountry "HUN"]
[SourceTitle "playchess.com"]
[Source "ChessBase"]
[SourceQuality "1"]

{[%evp 13,78,6,20,-21,-36,-55,-54,-55,-52,-51,-48,-51,-50,-50,-47,-52,16,4,12,0,-4,-7,-3,-16,0,-32,0,-31,-31,-38,-40,-101,-79,-92,-83,-80,-96,-158,-159,-324,-327,-452,-457,-414,-387,-436,-442,-531,-515,-506,-385,-375,-325,-404,-412,-467,-469,-489,-484,-550,-441,-1342,-1318,-2504,-1984,-1504,-1517]} 1. Nf3 d5 2. e3 Nf6 3. c4 c6 4. Nc3 a6 5. Qc2 (5. d4 b5 6. c5 g6 7. h3 Bg7 8. Bd3 O-O 9. O-O Nbd7 10. Re1 Re8 11. e4 b4 12. Na4 dxe4 13. Bxe4 Nxe4 14. Rxe4 {0-1 (47) Dubov,D (2703)-Morozevich,A (2656) Sochi 2018}) 5... e6 6. b3 {A11: English Opening: 1...c6} c5 7. Bb2 Nc6 {LiveBook: 3 Games} 8. a3 {The position is equal.} d4 $1 {[%cal Rd4c3]} 9. Ne4 $146 ({Predecessor:} 9. exd4 cxd4 10. Na4 e5 11. d3 Bg4 12. Nd2 Rc8 13. c5 Nd7 14. Rc1 Na7 15. b4 b5 16. g3 {0-1 (16) Shengelia,D (2558)-Schneider,I (2482) Austria 2012}) 9... Nxe4 $1 10. Qxe4 {[%cal Re3d4]} f5 11. Qc2 e5 12. exd4 cxd4 13. d3 a5 14. g3 g6 (14... Bc5 $15) 15. Bg2 $11 Bg7 16. O-O O-O $1 17. Nd2 Be6 18. Rae1 Bf7 19. Re2 Qd7 20. Rfe1 Rad8 21. Qb1 Rfe8 22. b4 (22. h4 $15) 22... axb4 $17 23. axb4 Nxb4 24. Ba3 Nc6 {[%cal Bb4c6,Bc6e5,Be5c4,Bc4d2][%mdl 32]} 25. Nb3 {[#]} (25. Nf1 $142) 25... b6 $1 26. Na1 $2 {[#]} (26. Ra2 $17 {was called for.}) 26... e4 $1 $19 {[%mdl 512]} 27. dxe4 d3 28. Re3 Bd4 29. Qxd3 Ne5 {[%mdl 64] Double Attack} 30. Qb1 Bxe3 31. fxe3 Nxc4 32. Bb4 Nd2 33. Qb2 Nxe4 34. Nc2 Ra8 {Black is clearly winning.} 35. Nd4 Ra2 36. Qb1 Bd5 {And now ...Rxg2+! would win.} 37. Bf3 (37. Re2 $142 Rxe2 38. Nxe2) 37... Ng5 38. Rd1 Nxf3+ 39. Nxf3 Qe6 {Accuracy: White = 31%, Black = 76%.} 0-1